<?xml version="1.0" encoding="UTF-8"?>
<marc:record xmlns:marc="http://www.loc.gov/MARC21/slim">
   <marc:leader>00000nam a2200000 a 4500</marc:leader>
   <marc:datafield ind1="1" ind2=" " tag="100">
      <marc:subfield code="a">Wilcock, Lizzie</marc:subfield>
      <marc:subfield code="4">aut</marc:subfield>
      <marc:subfield code="e">Verfasser/-in</marc:subfield>
   </marc:datafield>
   <marc:datafield ind1="0" ind2="0" tag="245">
      <marc:subfield code="a">Brennender Durst</marc:subfield>
   </marc:datafield>
   <marc:datafield ind1="0" ind2="0" tag="245">
      <marc:subfield code="b">manchmal musst du verloren gehen, um gefunden zu werden ; Roman</marc:subfield>
   </marc:datafield>
   <marc:datafield ind1="0" ind2="0" tag="245">
      <marc:subfield code="c">Lizzie Wilcock. Aus dem austral. Engl. von Friederike Levin</marc:subfield>
   </marc:datafield>
   <marc:datafield ind1=" " ind2="1" tag="264">
      <marc:subfield code="a">Weinheim</marc:subfield>
      <marc:subfield code="b">Beltz &amp; Gelberg</marc:subfield>
      <marc:subfield code="c">2017</marc:subfield>
   </marc:datafield>
   <marc:datafield ind1="1" ind2=" " tag="520">
      <marc:subfield code="a">Angaben aus der Verlagsmeldung

Brennender Durst : Manchmal musst du verloren gehen, um gefunden zu werden Thirst / von Lizzie Wilcock

Auf dem Weg zu ihrer sechsten Pflegefamilie überlebt die 14-jährige Karanda einen Autounfall und findet sich mitten in der australischen Wüste wieder. Ein Rucksack, eine Flasche Wasser und ein verblichenes Foto ihrer Mutter sind alles, was ihr bleibt. Karanda wittert ihre Chance. Endlich kann sie ihr Leben selbst bestimmen. Wäre da nicht der acht Jahre alte Solomon, der mit im Auto saß. Karanda kann ihn nicht im Stich lassen. Und so kämpfen die beiden ums Überleben. Sie sind verlorene Seelen, sie wollen ihrer Zukunft entkommen und werden dabei von ihrer gemeinsamen Vergangenheit eingeholt.
</marc:subfield>
   </marc:datafield>
   <marc:datafield ind1=" " ind2=" " tag="020">
      <marc:subfield code="a">9783407823007</marc:subfield>
      <marc:subfield code="9">9783407823007</marc:subfield>
   </marc:datafield>
   <marc:datafield ind1=" " ind2=" " tag="020">
      <marc:subfield code="a">3407823002</marc:subfield>
      <marc:subfield code="9">3407823002</marc:subfield>
   </marc:datafield>
   <marc:datafield ind1=" " ind2=" " tag="041">
      <marc:subfield code="a">ger</marc:subfield>
   </marc:datafield>
   <marc:datafield ind1=" " ind2=" " tag="300">
      <marc:subfield code="a">252 S.</marc:subfield>
   </marc:datafield>
</marc:record>
